Start with Why (Record no. 11250)

MARC details
000 -LEADER
fixed length control field 00337nam a22001457a 4500
003 - CONTROL NUMBER IDENTIFIER
control field OSt
008 - FIXED-LENGTH DATA ELEMENTS--GENERAL INFORMATION
fixed length control field 220521b ||||| |||| 00| 0 eng d
020 ## - INTERNATIONAL STANDARD BOOK NUMBER
International Standard Book Number 978-0-241-95822-3
082 ## - DEWEY DECIMAL CLASSIFICATION NUMBER
Classification number 658.4092 SIS
100 ## - MAIN ENTRY--PERSONAL NAME
Personal name SINEK, Simon
245 ## - TITLE STATEMENT
Title Start with Why
260 ## - PUBLICATION, DISTRIBUTION, ETC. (IMPRINT)
Place of publication, distribution, etc U.K.
Name of publisher, distributor, etc Portfolio Penguin
Date of publication, distribution, etc 2009
300 ## - PHYSICAL DESCRIPTION
Extent 246
942 ## - ADDED ENTRY ELEMENTS (KOHA)
Source of classification or shelving scheme Dewey Decimal Classification
Koha item type Text Books

No items available.

Design & Developed by: PIET Central Library
R70 Miles Stone Pattikalyana Samalkha Panipat 132102
mail ID :- [email protected], Phone No:- 0180-2569700 Ex.216